Bull-dog Drummond. (Record no. 91378)

MARC details
000 -LEADER
fixed length control field 00557cam a2200193u 4500
001 - CONTROL NUMBER
control field unk82034945
003 - CONTROL NUMBER IDENTIFIER
control field DLC
005 - DATE AND TIME OF LATEST TRANSACTION
control field 20260227112759.0
008 - FIXED-LENGTH DATA ELEMENTS--GENERAL INFORMATION
fixed length control field 821215s1919 xx 000 0 eng
010 ## - LIBRARY OF CONGRESS CONTROL NUMBER
LC control number unk82034945
040 ## - CATALOGING SOURCE
Original cataloging agency DLC
Transcribing agency CarP
Modifying agency DLC
050 00 - LIBRARY OF CONGRESS CALL NUMBER
Classification number PZ3.M2329
Item number Bu
Classification number PR6025.A317
100 1# - MAIN ENTRY--PERSONAL NAME
Personal name McNeile, H. C.
Fuller form of name (Herman Cyril),
Dates associated with a name 1888-1937.
245 00 - TITLE STATEMENT
Title Bull-dog Drummond.
260 ## - PUBLICATION, DISTRIBUTION, ETC.
Place of publication, distribution, etc. New York,
Date of publication, distribution, etc. [1919]
300 ## - PHYSICAL DESCRIPTION
Extent 1 v.
Other physical details cm.
650 #0 - SUBJECT ADDED ENTRY--TOPICAL TERM
Topical term or geographic name entry element Drummond, Bulldog (Fictitious character)
Form subdivision Fiction.
655 #7 - INDEX TERM--GENRE/FORM
Genre/form data or focus term Detective and mystery stories.
Source of term gsafd

No items available.

Powered by Koha